| 000 | 00529cam a22001337a 4500 | ||
|---|---|---|---|
| 008 | 180718b1966 xxu||||| |||| 00| 0 eng d | ||
| 082 | _aZ4706x5442 | ||
| 100 | _aMaharashtra. Special Committee for Studying the Working of Forest Labourers' Co-operative Societies | ||
| 245 | _aReport of the Special Committee for Studying the Working of Forest Labourers' Co-operative Societies, Maharashtra State | ||
| 260 |
_aBombay _bThe author _c1966 |
||
| 300 | _a72+p. | ||
| 500 | _aChairman: P.K. Sawant | ||
| 700 | _aSawant, P.K. (Chairman) | ||
| 999 |
_c490413 _d490413 |
||